000 00644nam a2200253Ia 4500
003 OSt
005 20221007101941.0
006 a|||||r|||| 00| 0
007 ta
008 221006b |||||||| |||| 00| 0 eng d
024 _a8,939
037 _cTextual
040 _aLCO
_cLCO
_beng
041 _2eng
_aeng
082 _aZ1, L3
100 _aBrownlie Ian Ed.
245 0 _aPrinciples of Public International Law
250 _a2nd
260 _aOxford
_bClarendon Press U.K.
_c1973
300 _a733
650 _aPUBLIC INTERNATIONAL LAW
942 _hZ1, L3
_cTEXL
999 _c1178502
_d1178502